000
00288nam a22001097a 4500
082
_a
355.02-G MEL'G
100
_a
MELLENTHIM, F. W. VAN
_9
76387
245
_a
GERMAN GENERALS OF WORLD WAR-II AS I SAW THEM
260
_a
NORMAN
_b
UNIVERSITY OF OKLAHAMA
_c
1977
300
_a
300P
942
_c
BK
999
_c
581780
_d
581780